| 000 | 01433nam a22003857a 4500 | ||
|---|---|---|---|
| 003 | CHAP | ||
| 005 | 20220329141216.0 | ||
| 008 | 971010s1978 r 00010 d | ||
| 010 | _a64395 | ||
| 011 | _a65367 | ||
| 035 | _a72044 | ||
| 040 | _cCHAP | ||
| 082 |
_a631.411 _bN5 |
||
| 100 | 0 | 0 |
_aNielsen, Donald R. _981230 |
| 245 | _aNitrogen in the environment | ||
| 260 |
_aNew York : _bAcademic Press, _c1978 |
||
| 300 | _a2 v. | ||
| 505 | _aContenido: v.1 nitrogen behavior in field soil -- v.2 Soil-plant-nitrogen relationships | ||
| 590 |
_aBATCH-UPD _b10 _c20130110 _lUCH01 _h0042 |
||
| 590 |
_aBATCH-UPD _b10 _c20130110 _lUCH01 _h0822 |
||
| 590 |
_aBATCH-UPD _b10 _c20130409 _lUCH01 _h2027 |
||
| 590 |
_aBATCH-UPD _b10 _c20130410 _lUCH01 _h0459 |
||
| 590 |
_aBATCH-UPD _b10 _c20130914 _lUCH01 _h1840 |
||
| 590 |
_aCONVERSION _b10 _c20130109 _lUCH01 _h1335 |
||
| 650 | 1 | 4 |
_aNitrĂ³geno _xEfecto en plantas. _981457 |
| 650 | 1 | 4 |
_aSuelos _xNitrĂ³geno en. _9110451 |
| 700 | 0 |
_aMacDonald, J. G. _969356 |
|
| 901 | _aBK | ||
| 942 | _cLIBRO | ||
| 949 |
_a631.411 N5 _bBC _cLIBRO _d33724000068326 _eLIBRO _fv.2 c.2 _h87095 _i72044 _si |
||
| 949 |
_a631.411 N5 _bBC _cLIBRO _d33724000068334 _eLIBRO _fv.2 _h54630 _i72044 _si |
||
| 949 |
_a631.411 N5 _bBC _cLIBRO _d33724000068342 _eLIBRO _fv.1 _h52349 _i72044 _si |
||
| 949 |
_a631.411 N5 _bZA _cLIBRO _d-143499 _eLIBRO _fv.1 _h4830 _i72044 _si |
||
| 949 |
_a631.411 N5 _bZA _cLIBRO _d-54974 _eLIBRO _fv.2 _h4831 _i72044 _si |
||
| 999 |
_c64395 _d64395 |
||